Vedecké metódy prípravy zákonov
Autor ponúka pohľad na tridsať vedeckých metód, ktorých aplikáciou sa vnesú nové vzťahy a vyššia kvalita legislatívnych noriem. Všeobecné metódy. Hlavné metódy. Charakteristika metód.
Salvato in:
| Autore principale: | |
|---|---|
| Natura: | Capitolo di libro |
| Lingua: | slovacco |
| Soggetti: | |
| Tags: |
Nessun Tag, puoi essere il primo ad aggiungerne!!
|
MARC
| LEADER | 00000naa$a2200000$$$4500 | ||
|---|---|---|---|
| 001 | 0004646 | ||
| 005 | 20230927091843.3 | ||
| 041 | 0 | |a slo | |
| 044 | |a SK | ||
| 245 | 1 | 0 | |a Vedecké metódy prípravy zákonov |c aut. Michal Gašpar |
| 520 | |a Autor ponúka pohľad na tridsať vedeckých metód, ktorých aplikáciou sa vnesú nové vzťahy a vyššia kvalita legislatívnych noriem. Všeobecné metódy. Hlavné metódy. Charakteristika metód. | ||
| 610 | 2 | 0 | |a veda |
| 610 | 2 | 0 | |a metódy |
| 610 | 2 | 0 | |a zákony |
| 610 | 2 | 0 | |a legislatíva |
| 100 | 1 | |a Gašpar, Michal | |